[Event "Online Olym Div3 A"]
[Site "Chess.com INT"]
[Date "2020.08.08"]
[Round "5.2"]
[White "Putar, Lara"]
[Black "Ng, Sau Wai"]
[Result "1-0"]
[WhiteElo "1834"]
[BlackElo "1146"]
[PlyCount "51"]
[EventDate "2020.08.07"]
[EventType "team-tourn (rapid)"]
[EventRounds "9"]
[EventCountry "USA"]
[SourceTitle "CBM 198"]
[Source "ChessBase"]
[SourceDate "2020.10.31"]
[SourceVersion "1"]
[SourceVersionDate "2020.10.31"]
[SourceQuality "1"]
[WhiteTeam "Ireland"]
[BlackTeam "Hong Kong"]
[WhiteTeamCountry "IRL"]
[BlackTeamCountry "HKG"]

1. d4 Nf6 2. c4 e5 3. dxe5 Ng4 4. Bf4 Nc6 5. Nf3 Bb4+ 6. Nc3 Qe7 7. Qd5 0-0 8. h3 Bxc3+ 9. bxc3 Nh6 10. Bxh6 gxh6 11. Qd2 Qe6 12. Nd4 Qg6 13. Qf4 b6 14. Nf5 Kh8 15. Nxh6 Ba6 16. e3 Rae8 17. Bd3 f5 18. Bxf5 Qxg2 19. Be4 Rxf4 20. Bxg2 Ref8 21. exf4 Bxc4 22. Bxc6 dxc6 23. f5 Bd3 24. Rd1 Bb5 25. Rg1 Re8 26. Nf7# 1-0

[Event "Olympiad Women-43"]
[Site "Batumi"]
[Date "2018.10.04"]
[Round "10.3"]
[White "Ng, Sau Wai"]
[Black "Davidsdottir, Nansy"]
[Result "0-1"]
[WhiteElo "1222"]
[BlackElo "1945"]
[PlyCount "60"]
[EventDate "2018.09.24"]
[EventType "team-swiss"]
[EventRounds "11"]
[EventCountry "GEO"]
[SourceTitle "EXT 2020"]
[Source "ChessBase"]
[SourceDate "2019.10.17"]
[SourceVersion "1"]
[SourceVersionDate "2019.10.17"]
[SourceQuality "1"]
[WhiteTeam "Hong Kong (W)"]
[BlackTeam "Iceland (W)"]
[WhiteTeamCountry "HKG"]
[BlackTeamCountry "ISL"]

1. d4 d5 2. c4 e6 3. Nc3 Nf6 4. Nf3 c6 5. e3 Nbd7 6. Qc2 Bd6 7. Bd3 dxc4 8. Bxc4 b5 9. Bd3 Bb7 10. 0-0 0-0 11. Bd2 Qe7 12. Rfe1 e5 13. a4 b4 14. Ne4 Nxe4 15. Bxe4 g6 16. Rad1 Rac8 17. Qb1 f5 18. dxe5 Nxe5 19. Nxe5 Qxe5 20. g3 Qxe4 21. Qxe4 fxe4 22. Bc1 Rfd8 23. Rd4 c5 24. Rc4 Bd5 25. Rc2 Bb3 26. Rd2 Bxa4 27. Kg2 Be5 28. Rde2 c4 29. f4 exf3+ 30. Kxf3 Bd1 0-1

[Event "Olympiad Women-43"]
[Site "Batumi"]
[Date "2018.09.27"]
[Round "4.61"]
[White "Ng, Sau Wai"]
[Black "Camp, Imogen AL"]
[Result "0-1"]
[WhiteElo "1222"]
[BlackElo "1940"]
[PlyCount "42"]
[EventDate "2018.09.24"]
[EventType "team-swiss"]
[EventRounds "11"]
[EventCountry "GEO"]
[SourceTitle "EXT 2020"]
[Source "ChessBase"]
[SourceDate "2019.10.17"]
[SourceVersion "1"]
[SourceVersionDate "2019.10.17"]
[SourceQuality "1"]
[WhiteTeam "Hong Kong (W)"]
[BlackTeam "Wales (W)"]
[WhiteTeamCountry "HKG"]
[BlackTeamCountry "WLS"]

1. c4 e6 2. g3 d5 3. Bg2 Nf6 4. Nf3 Be7 5. Nc3 0-0 6. 0-0 c5 7. cxd5 exd5 8. d3 Nc6 9. Bg5 h6 10. Bd2 Re8 11. Qc2 Bf5 12. Rad1 c4 13. Bc1 cxd3 14. exd3 Rc8 15. a3 Qd7 16. Rfe1 a6 17. Qb3 Bc5 18. Kf1 Bh3 19. Na4 Qf5 20. Bf4 Bd6 21. Bxd6 Qxf3 0-1

[Event "Olympiad Women-43"]
[Site "Batumi"]
[Date "2018.09.25"]
[Round "2.61"]
[White "Selkirk, Rebecca"]
[Black "Ng, Sau Wai"]
[Result "1-0"]
[WhiteElo "1733"]
[BlackElo "1222"]
[PlyCount "83"]
[EventDate "2018.09.24"]
[EventType "team-swiss"]
[EventRounds "11"]
[EventCountry "GEO"]
[SourceTitle "EXT 2020"]
[Source "ChessBase"]
[SourceDate "2019.10.17"]
[SourceVersion "1"]
[SourceVersionDate "2019.10.17"]
[SourceQuality "1"]
[WhiteTeam "South Africa (W)"]
[BlackTeam "Hong Kong (W)"]
[WhiteTeamCountry "RSA"]
[BlackTeamCountry "HKG"]

1. e4 e6 2. d4 d5 3. Nc3 Nf6 4. e5 Nfd7 5. Nce2 c5 6. c3 Nc6 7. f4 cxd4 8. cxd4 Be7 9. Nf3 h6 10. g3 Nb6 11. Bh3 Bd7 12. b3 Qc7 13. Bd2 Nb4 14. 0-0 0-0 15. Ne1 Rac8 16. Bxb4 Bxb4 17. Nd3 Be7 18. g4 Qd8 19. f5 f6 20. Nef4 exf5 21. e6 Be8 22. gxf5 Bd6 23. Re1 Rc7 24. Bg2 Be7 25. Qg4 Kh7 26. Bf3 Rg8 27. Ng6 Nc8 28. Ndf4 Nb6 29. Qg2 Bc6 30. Nxe7 Rxe7 31. Ng6 Ree8 32. e7 Qd6 33. Nf8+ Rexf8 34. exf8Q Rxf8 35. Bh5 Qf4 36. Bg6+ Kg8 37. Rad1 Bd7 38. Re7 Qg5 39. Rd2 Qxg2+ 40. Rxg2 Bc6 41. Bh7+ Kh8 42. Rexg7 1-0

[Event "Hong Kong-ch prel"]
[Site "Hong Kong"]
[Date "2018.01.08"]
[Round "1"]
[White "Ng, Sau Wai"]
[Black "Pang, Yui Kuen"]
[Result "0-1"]
[WhiteElo "1237"]
[BlackElo "1960"]
[PlyCount "82"]
[EventDate "2018.01.08"]
[EventType "swiss"]
[EventRounds "11"]
[EventCountry "HKG"]
[SourceTitle "EXT 2019"]
[Source "ChessBase"]
[SourceDate "2018.10.10"]
[SourceVersion "1"]
[SourceVersionDate "2018.10.10"]
[SourceQuality "1"]

1. d4 Nf6 2. c4 d6 3. Nc3 Bf5 4. Nf3 h6 5. e3 c6 6. Be2 Nbd7 7. 0-0 e5 8. Re1 Be7 9. b3 0-0 10. Bb2 e4 11. Nd2 d5 12. a4 Be6 13. c5 Nh7 14. f3 f5 15. f4 a5 16. Qc2 b6 17. cxb6 Qxb6 18. Ba3 Bxa3 19. Rxa3 Rfc8 20. Qb2 Nhf6 21. Nf1 Nb8 22. Rc1 Na6 23. Raa1 Nb4 24. Qb1 Nd7 25. Na2 Rab8 26. Nxb4 Qxb4 27. Bd1 c5 28. Qb2 c4 29. Rab1 Nb6 30. Qc3 Qxc3 31. Rxc3 Nxa4 32. Rcc1 cxb3 33. Rxc8+ Rxc8 34. Bxb3 Nc3 35. Ra1 a4 36. Bxa4 Ra8 37. Bd7 Rxa1 38. Bxe6+ Kf8 39. Bxf5 Nd1 40. Ng3 Nxe3+ 41. Kf2 Nxf5 0-1